000 00443nam a2200145 i 4500
001 bg
100 1 _aPŁOŃSKI, Władysław
245 0 _aFizyka budowli :
_bzasady projektowania przegród budowlanych w zakresie cieplno-wilgotnościowym /
_cW. Płoński, J.A. Pogorzelski.
260 _aWarszawa,
_c1979.
700 1 _aPOGORZELSKI, Jerzy Andrzej
040 _cBPK
041 _apol
942 _cKS
008 s pl f |000 0 pol
999 _c5289
_d5289
856 _uhttp://koha.tu.koszalin.pl/cgi-bin/koha/opac-detail.pl?biblionumber=5289
_yKatalog online BPK